| Tag |
First Indicator |
Second Indicator |
Subfields |
| LEADER |
00000cam a2200000 a 4500 |
| 001 |
in00002552521 |
| 005 |
20151201152829.0 |
| 008 |
091016s2010 nyua b 001 0 eng |
| 010 |
|
|
|a 2009041100
|
| 015 |
|
|
|a GBB034010
|2 bnb
|
| 016 |
7 |
|
|a 015500284
|2 Uk
|
| 019 |
|
|
|a 540161641
|
| 020 |
|
|
|a 9781606236734 (hbk.)
|
| 020 |
|
|
|a 1606236733 (hbk.)
|
| 029 |
1 |
|
|a CDX
|b 11123232
|
| 029 |
1 |
|
|a NLGGC
|b 325743320
|
| 035 |
|
|
|a (OCoLC)ocn457010488
|
| 035 |
|
|
|a (OCoLC)457010488
|
| 040 |
|
|
|a DLC
|c DLC
|d YDXCP
|d CDX
|d C#P
|d TXI
|d BWX
|d UKM
|d COO
|d UtOrBLW
|
| 049 |
|
|
|a TXAM
|
| 050 |
0 |
0 |
|a BF323.S8
|b H36 2010
|
| 082 |
0 |
0 |
|a 302/.12
|2 22
|
| 245 |
0 |
0 |
|a Handbook of implicit social cognition :
|b measurement, theory, and applications /
|c edited by Bertram Gawronski, B. Keith Payne.
|
| 264 |
|
1 |
|a New York :
|b Guilford Press,
|c [2010]
|
| 264 |
|
4 |
|c ©2010
|
| 300 |
|
|
|a xiii, 594 pages :
|b illustrations ;
|c 27 cm.
|
| 336 |
|
|
|a text
|b txt
|2 rdacontent
|
| 337 |
|
|
|a unmediated
|b n
|2 rdamedia
|
| 338 |
|
|
|a volume
|b nc
|2 rdacarrier
|
| 504 |
|
|
|a Includes bibliographical references and indexes.
|
| 650 |
|
0 |
|a Subliminal perception.
|
| 650 |
|
0 |
|a Social perception.
|
| 700 |
1 |
|
|a Gawronski, Bertram.
|
| 700 |
1 |
|
|a Payne, B. Keith.
|
| 938 |
|
|
|a YBP Library Services
|b YANK
|n 3149377
|
| 938 |
|
|
|a Coutts Information Services
|b COUT
|n 11123232
|
| 938 |
|
|
|a Blackwell Book Service
|b BBUS
|n R7852057
|c $85.00
|
| 945 |
|
|
|a PromptCat
|b 25956
|
| 946 |
|
|
|a stk
|
| 947 |
|
|
|a A14840193272
|
| 994 |
|
|
|a 92
|b TXA
|
| 948 |
|
|
|a Cataloged
|b h
|c 2010/7/15
|d c
|e ibarton
|
| 999 |
|
|
|a MARS
|
| 999 |
f |
f |
|s dd1f03d0-8801-3092-ac94-6351a79f9f66
|i c450563d-88f7-32df-9bef-a44567018aa7
|t 0
|
| 952 |
f |
f |
|p normal
|a Texas A&M University
|b College Station
|c Sterling C. Evans Library
|d Evans: Library Stacks
|t 0
|e BF323.S8 H36 2010
|h Library of Congress classification
|i unmediated -- volume
|m A14840193272
|
| 998 |
f |
f |
|a BF323.S8 H36 2010
|t 0
|l Evans: Library Stacks
|